Most Streamed Bring Me the Horizon Songs - Statistics

General Stats
  • This quiz has been taken 87 times
    24 since last reset
  • The average score is 16 of 24
Answer Stats
Change Streams Song % Correct
13.76% 820,089,952 Can You Feel My Heart
100%
20.13% 615,053,382 Throne
94%
23.66% 302,521,783 Kingslayer
88%
18.18% 305,921,859 Sleepwalking
88%
38.34% 142,059,281 DArkSide
81%
12.99% 373,454,961 Drown
81%
12.63% 282,146,324 Follow You
81%
NEW 116,680,768 Kool-Aid
81%
16.00% 232,479,391 Shadow Moses
81%
15.49% 164,218,497 Doomed
75%
11.13% 254,174,270 Happy Song
69%
15.56% 203,269,325 Teardrops
69%
10.12% 204,306,761 True Friends
63%
17.14% 138,466,692 1x1
56%
9.08% 163,732,555 Avalanche
56%
13.57% 123,316,265 DiE4u
56%
8.15% 184,679,383 MANTRA
56%
13.49% 136,435,870 Obey
56%
24.62% 156,178,558 LosT
50%
7.84% 113,232,560 Ludens
50%
12.92% 221,539,666 Parasite Eve
50%
16.33% 152,188,789 sTraNgeRs
50%
10.93% 113,478,581 Go to Hell, for Heaven's Sake
44%
7.43% 112,841,560 medicine
44%
No matching quizzes found
Score Distribution
Percent of People with Each Score
Percentile by Number Answered
Your Score History
You have not taken this quiz since the last reset